[Event "40th Eastman Open Ghent"]
[Site "Ghent"]
[Date "2017.07.18"]
[Round "7"]
[White "Chatalbashev, Boris"]
[Black "Dgebuadze, Alexandre"]
[Result "1-0"]
[WhiteElo "2552"]
[BlackElo "2524"]
[Annotator "TA"]
[PlyCount "63"]
[EventDate "2017.??.??"]
[EventType "swiss"]
[EventCountry "BEL"]
[SourceTitle "playchess.com"]
[Source "ChessBase"]
[SourceQuality "1"]

{[%evp 14,63,24,32,49,46,59,52,63,64,65,66,73,37,38,36,96,60,70,0,75,-25,2,10,26,9,81,84,81,95,99,92,85,86,258,272,282,264,502,476,506,399,392,330,547,516,626,597,691,588,713,698]} 1. d4 e6 2. c4 Bb4+ 3. Nd2 Nf6 4. Ngf3 b6 5. a3 Bxd2+ 6. Qxd2 Bb7 7. e3 O-O 8. Be2 Nc6 {E14: Queen's Indian: Classical Variation (4 e3)} (8... d6 9. b4 Nbd7 10. Bb2 Ne4 11. Qc2 f5 12. O-O Rf6 13. d5 Rh6 14. Rad1 c5 15. g3 exd5 16. cxd5 Qe7 17. bxc5 bxc5 18. a4 Rf8 19. a5 Kh8 20. Ne1 {½-½ (51) Anton Guijarro,D (2650)-Moiseenko,A (2657) Doha 2016}) 9. O-O Ne7 10. b4 Ne4 $146 {White is slightly better.} ({Predecessor:} 10... d6 11. Bb2 c5 12. Rac1 Rc8 13. Rfd1 {1-0 (35) Mihut,M (1476)-Iarca,I (1170) Calimanesti Caciulata 2016}) 11. Qc2 d6 12. Bb2 Qe8 13. d5 exd5 14. cxd5 Nxd5 (14... Bxd5 $14 15. Bd3 (15. Qxc7 Rc8 $17) 15... Nf5) 15. Nd4 $16 f5 16. Rad1 (16. Bd3 $14) 16... Kh8 (16... c5 $11 17. Bb5 Qc8 18. bxc5 bxc5) 17. b5 (17. Bc4 $16) 17... Rc8 18. Bc4 Qg6 (18... c5 $5 {[%cal Rc5d4]} 19. bxc6 Bxc6 $11) 19. Ne2 $1 Nef6 {[#]} (19... c6 $11 {remains equal.} 20. Qb3 Ndf6) 20. Qb3 $1 {[%cal Rc4d5][%mdl 1024] White has strong compensation.} Ne7 {[%csl Gb7][%cal Rg6g2]} ({Don't capture} 20... Nxe3 $2 21. Nf4 $18) 21. Nf4 Qh6 {[#]} 22. Be6 $1 $36 {[%mdl 2048] Black is under strong pressure.} Rcd8 (22... Ng4 $2 23. h3 $18) 23. Rc1 {[%cal Bd1c1,Bc1c7,Bc7b7][%mdl 32]} Ng6 $2 (23... Ng4 $2 24. h3 $18) (23... c5 $16 {was worth a try.}) 24. Rxc7 $18 Nxf4 25. Rxb7 Ne2+ $2 (25... Nxe6 26. Qxe6 f4 27. exf4 (27. Rxa7 Rde8 $16) 27... Qxf4 28. Rxa7 Rfe8) 26. Kh1 f4 27. Qc4 Rde8 28. Bg4 Ng3+ $2 (28... Nxg4 29. Bxg7+ Qxg7 30. Rxg7 Kxg7 31. Qxe2 Ne5) 29. fxg3 {White is clearly winning.} fxg3 {[%csl Gg3][%cal Rh6h2]} 30. Bh3 d5 31. Qd4 Rxe3 32. Bc1 {Precision: White = 75%, Black = 19%.} 1-0

[Event "40th Eastman Open Ghent"]
[Site "Ghent"]
[Date "2017.07.18"]
[Round "7"]
[White "Michiels, Bart"]
[Black "Sarrau, Jelle"]
[Result "1-0"]
[WhiteElo "2536"]
[BlackElo "2363"]
[Annotator "TA"]
[PlyCount "89"]
[EventDate "2017.??.??"]
[EventType "swiss"]
[EventCountry "BEL"]
[SourceTitle "playchess.com"]
[Source "ChessBase"]
[SourceQuality "1"]

{[%evp 22,89,52,39,56,49,66,59,146,140,273,283,272,268,306,293,307,308,298,288,433,429,434,426,444,436,439,441,433,382,496,507,497,477,631,616,611,605,588,585,543,467,446,425,405,393,385,366,450,427,726,714,974,935,1042,1004,2194,2123,29971,29972,29971,29969,29960,29962,29980,29981,29980,29981,29981,29982]} 1. c4 Nf6 2. Nc3 c5 3. g3 e6 4. Nf3 b6 5. Bg2 Bb7 6. O-O Be7 7. d4 cxd4 8. Qxd4 O-O 9. Rd1 d6 10. Bg5 {A30: Symmetrical English: Double Fianchetto and Hedgehog} (10. b3 Nbd7 11. Ba3 Nc5 12. b4 Ncd7 13. Rac1 a6 14. Nd2 Bxg2 15. Kxg2 Qc7 16. Nde4 Rfc8 17. Nxd6 Bxd6 18. Qxd6 Qxd6 19. Rxd6 Rxc4 {½-½ (60) Nakamura,H (2785)-Jakovenko,D (2709) Sharjah 2017}) 10... h6 11. Bxf6 Bxf6 12. Qf4 {LiveBook: 6 Games. White is slightly better.} Na6 $146 ({Predecessor:} 12... Qe7 13. Qxd6 Qxd6 14. Rxd6 Na6 15. Rc1 Rfd8 16. Rcd1 Rxd6 17. Rxd6 {½-½ (61) Gustafsson,J (2634)-Shabalov,A (2577) New York 2011}) 13. Rxd6 Qe7 14. Rad1 {Threatens to win with Rd7.} e5 ({Black should try} 14... Rfd8 $14) 15. Qe3 {Hoping for Rd7.} Nc5 (15... Rab8 $16 16. Rd7 Qb4) 16. b4 $18 e4 {[#]} 17. Nh4 $1 ({Weaker is} 17. bxc5 exf3 18. Qxe7 Bxe7 $16) 17... Bg5 {[#]} 18. Nf5 $1 {[%cal Rf5e7]} Qxd6 19. Nxd6 Bxe3 20. fxe3 Bc6 (20... Na6 {is a better defense.} 21. Nxb7 Nxb4 22. Bxe4 Rae8) 21. bxc5 bxc5 22. Ndxe4 Bxe4 23. Bxe4 ({Not} 23. Nxe4 Rfd8 $18) 23... Rad8 24. Bd5 Rfe8 25. e4 Kf8 26. Rb1 Rb8 27. Rb5 Rxb5 28. cxb5 Ke7 29. Kf2 Kd6 30. Ke3 f5 31. Bc6 Rf8 32. exf5 Rxf5 33. Ne4+ Kc7 34. g4 Re5 35. Kd3 a6 (35... h5 $142 36. h3 Kb6) 36. a4 axb5 37. axb5 h5 38. h3 {[%cal Bh2h3,Bh3g4][%mdl 32]} hxg4 39. hxg4 g6 40. Kc4 {White mates.} Kb6 41. Nc3 Kc7 42. Bf3 g5 43. Na4 Kd6 44. b6 {[%cal Bb5b6,Bb6b7][%mdl 32]} Re8 45. b7 {Precision: White = 86%, Black = 31%.} 1-0

[Event "40th Eastman Open Ghent"]
[Site "Ghent"]
[Date "2017.07.18"]
[Round "7"]
[White "Kovalev, Andrei"]
[Black "Epishin, Vladimir"]
[Result "1-0"]
[WhiteElo "2517"]
[BlackElo "2541"]
[Annotator "TA"]
[PlyCount "95"]
[EventDate "2017.??.??"]
[EventType "swiss"]
[EventCountry "BEL"]
[SourceTitle "playchess.com"]
[Source "ChessBase"]
[SourceQuality "1"]

{[%evp 16,95,37,34,52,53,83,50,62,58,55,59,55,64,81,45,81,88,65,20,27,24,29,38,29,20,35,0,0,0,-3,-33,0,0,30,31,53,46,51,58,55,49,122,127,148,168,166,139,152,146,187,185,207,202,231,203,352,341,337,348,407,402,312,326,767,746,2382,2409,1949,1886,2016,1984,29971,29972,29970,29959,29976,29977,29974,29969,29983,29983]} 1. e4 g6 2. d4 Bg7 3. Nf3 c6 4. h3 d6 5. Nc3 Nf6 6. Be3 O-O 7. a4 Nbd7 8. a5 Qc7 9. Qd2 Rd8 {B08: Pirc Defence: Classical System} (9... Re8 10. Bc4 Nxe4 11. Nxe4 d5 12. Bb3 dxe4 13. Ng5 Rf8 14. Nxe4 Nf6 15. Nxf6+ Bxf6 16. h4 Qd6 17. h5 {0-1 (42) Sutovsky,E (2700)-Ivanchuk,V (2768) Khanty-Mansiysk 2011}) 10. Bc4 Nf8 11. Bb3 $146 ({Predecessor:} 11. O-O Be6 12. d5 cxd5 13. Bxd5 Rdc8 14. Rfe1 N8d7 15. Bd4 Ne5 16. Bxe5 dxe5 17. Bxe6 fxe6 {0-1 (48) Polaczek,R (2355)-Hickl,J (2500) Groningen 1988}) 11... Be6 {White is slightly better.} 12. d5 Bd7 13. O-O e6 14. Nd4 cxd5 15. exd5 e5 16. Ndb5 Qb8 17. f4 {Black must now prevent fxe5.} Bxb5 18. Nxb5 {Hoping for fxe5.} Ne4 19. Qb4 Ng3 20. Rfe1 (20. Rf3 $5 {[%cal Rf3g3]} Ne2+ 21. Kf2 Nxf4 22. g3 $11 (22. Bxf4 exf4 23. Qxf4 f5 $11)) 20... Nf5 21. Bf2 exf4 22. c3 Be5 23. Nd4 Qc8 24. a6 $36 {[%mdl 2048] White has good play.} bxa6 (24... Bxd4 $5 25. axb7 (25. cxd4 bxa6 26. Qd2 Rb8 $15) 25... Bxf2+ 26. Kxf2 Qc7 27. bxa8=R (27. bxa8=B Rxa8 28. Qa5 Qb7 $11) 27... Rxa8 $11) 25. Nc6 Re8 26. Bc4 Ne3 27. Bxe3 fxe3 28. Nxe5 dxe5 (28... Rxe5 $14 29. Qxd6 Qe8) 29. Bxa6 $16 Qc7 30. c4 Nd7 31. Qa5 Nb6 32. Rxe3 e4 33. Qc3 Rab8 34. Qd4 {Threatens to win with d6.} Qe5 {[#]} 35. Rd1 $1 Qg5 (35... Qxd4 $142 36. Rxd4 Nd7) 36. Rxe4 Rxe4 37. Qxe4 Na4 {Black wants to play ...Nc5.} 38. Bb5 Nxb2 39. Rf1 a6 $2 {[#]} (39... Qd8 40. Kh1 Rb6) 40. Be8 $18 ({Weaker is} 40. Bxa6 Na4 $18) 40... Nxc4 41. Bxf7+ ({Worse is} 41. Qxc4 Qe3+ 42. Kh1 Qxe8 $11) 41... Kg7 42. Qxc4 Qe3+ 43. Kh1 Rb2 44. Be6 {White mates.} Rf2 45. Qxa6 Kh6 46. Rxf2 Qxf2 47. Qa1 Qd2 48. Qe5 {Precision: White = 66%, Black = 40%.} 1-0

[Event "40th Eastman Open Ghent"]
[Site "Ghent"]
[Date "2017.07.18"]
[Round "7"]
[White "Docx, Stefan"]
[Black "Froeyman, Helmut"]
[Result "1-0"]
[WhiteElo "2427"]
[BlackElo "2264"]
[Annotator "TA"]
[PlyCount "67"]
[EventDate "2017.??.??"]
[EventType "swiss"]
[EventCountry "BEL"]
[SourceTitle "playchess.com"]
[Source "ChessBase"]
[SourceQuality "1"]

{[%evp 28,67,40,50,78,39,116,60,109,109,118,120,116,122,238,218,238,222,222,210,597,589,590,577,962,975,991,621,983,980,929,952,1052,1082,1016,1016,1202,1207,1187,1187,2193,2075]} 1. e4 e5 2. Nf3 Nc6 3. d4 exd4 4. Nxd4 Nf6 5. Nxc6 bxc6 6. e5 Qe7 7. Qe2 Nd5 8. c4 Ba6 9. b3 O-O-O 10. g3 Re8 11. Bb2 f6 12. Bg2 fxe5 {C45: Scotch Game} 13. O-O h5 14. Qd2 Nf6 15. Re1 {[%mdl 1024] LiveBook: 3 Games. White has compensation.} Qc5 16. Nc3 {[%cal Bb1c3,Bc3a4,Ba4c5][%mdl 32]} Kb8 $146 (16... Qd6 $14 17. Qe3 Qd4) ({Predecessor:} 16... h4 17. Na4 Qb4 18. Qxb4 Bxb4 19. Rxe5 hxg3 20. hxg3 Rxe5 21. Bxe5 {1-0 (48) Dembo,Y (2402)-Husari,S (2334) Budapest 2003}) 17. h4 (17. Na4 $16 Qb4 18. Bc3) 17... Bb7 18. Na4 Qb4 19. Qc2 e4 20. Bd4 d5 (20... Qd6 $16 21. Rad1 Qe6) 21. a3 $18 Qd6 22. Nc5 Nd7 23. b4 {[%cal Bb3b4,Bb4b5][%mdl 32]} Rg8 $2 {[#]} (23... Bc8 24. cxd5 cxd5) 24. cxd5 {White is clearly winning.} (24. Nxb7 Kxb7 25. cxd5 cxd5 $18) 24... cxd5 25. Qa4 ({Less strong is} 25. Nxb7 Kxb7 26. Rac1 c6 $16) 25... Bc6 26. Nxd7+ Qxd7 27. Qxa7+ Kc8 {[#]} 28. b5 $1 {[%mdl 512]} Bb7 (28... Bxb5 29. Qa8#) 29. a4 {[%cal Ba3a4,Ba4a5,Ba5a6][%mdl 32]} g5 30. hxg5 Rxg5 31. a5 Qxb5 32. Bf1 Qc6 33. Reb1 Re6 34. a6 {Precision: White = 98%, Black = 22%.} 1-0

[Event "40th Eastman Open Ghent"]
[Site "Ghent"]
[Date "2017.07.18"]
[Round "7"]
[White "Hunt, Adam C"]
[Black "Clemens, Adrian"]
[Result "1-0"]
[WhiteElo "2424"]
[BlackElo "2198"]
[Annotator "TA"]
[PlyCount "91"]
[EventDate "2017.??.??"]
[EventType "swiss"]
[EventCountry "BEL"]
[SourceTitle "playchess.com"]
[Source "ChessBase"]
[SourceQuality "1"]

{[%evp 9,91,10,9,7,2,15,4,-35,6,0,0,0,29,-56,-49,-24,-22,-12,21,-31,-28,-34,0,0,0,0,4,0,12,5,5,0,0,0,0,0,0,-33,-33,-24,-35,-24,-27,-45,-20,-20,-20,-33,-42,-41,-35,-66,-66,-81,-66,-67,-11,-44,-36,-36,-36,-36,-36,-36,-36,-45,-45,-962,-3,-861,0,-35,1066,1385,1379,183,1222,1242,1286,1043,29984,29985,29985,29985]} 1. e4 c5 2. Nf3 e6 3. b3 a6 4. Bb2 Nc6 5. c4 Nf6 6. e5 {B40: Sicilian: 2...e6, Unusual lines} Ng4 7. h3 Nh6 8. g4 {The position is equal.} b6 $146 ({Predecessor:} 8... d6 9. exd6 f6 10. d4 cxd4 11. Nxd4 Nxd4 12. Qxd4 Bxd6 13. Nc3 {1-0 (39) Fedorchuk,S (2621)-Arizmendi Martinez,J (2500) Llucmajor 2017}) 9. Bg2 Bb7 10. O-O Qc7 11. Na3 (11. Nc3 $11) 11... Be7 $15 12. Nc2 O-O 13. Qe2 d6 (13... f5 $5 {[%cal Rf5g4]}) 14. exd6 (14. Rfe1 $11) 14... Bxd6 15. d4 cxd4 16. Ncxd4 Nxd4 17. Bxd4 Rae8 18. Qe3 Bc5 19. Bxc5 bxc5 20. Ne5 {Strongly threatening Bxb7.} Bxg2 21. Kxg2 Nf5 22. gxf5 exf5 23. f4 {[#] Threatens to win with Qd3.} f6 24. Rae1 fxe5 25. fxe5 Re6 26. Rf2 $1 g6 27. Rd2 f4 28. Qe4 Qe7 29. Rd3 Qg5+ 30. Kh2 Rfe8 31. Qd5 Qf5 32. Rd2 Kg7 (32... g5 $15) 33. Qxc5 Rxe5 34. Rxe5 Rxe5 $11 {[%mdl 4096] Endgame KQR-KQR} 35. Qd4 {[#] aiming for Re2.} Kh6 {And now ...Re3 would win.} 36. Rf2 Re4 37. Qd6 Kh5 38. Rd2 $2 {[%mdl 8192]} (38. Qd3 $15) 38... g5 $2 (38... Kh4 $19 39. Qd8+ g5) 39. Qd3 $2 {[%mdl 8192]} (39. Qd5 $11 Re5 40. Qf3+ g4 41. hxg4+ Qxg4 42. Qh3+ Qxh3+ 43. Kxh3) 39... Qe6 $2 ({Better is} 39... f3 $19 40. Rf2 Qf4+ 41. Kh1 Re1+ 42. Rf1 Rxf1+ 43. Qxf1 Kh4 44. Qf2+ Kxh3 45. Qf1+ Kh4 46. Qf2+ Kh3 47. Qf1+ Kh4 48. Qf2+ Qg3 49. Qh2+ Kg4 50. c5 f2 51. Qg2 Kf4 52. Qf1 Qf3+ 53. Kh2 g4 54. Qc1+ Kf5 55. Qc2+ Kg5 56. Qc1+ Kh5 57. Qf1 g3+ 58. Kh3 g2+ 59. Kh2 gxf1=N#) 40. c5 Re3 $2 {[%mdl 8192]} (40... Kh4 $15 41. Rg2 h6) 41. Qxh7+ $18 Qh6 42. Qxh6+ Kxh6 43. Rc2 f3 44. Kg3 Re2 45. Rxe2 fxe2 46. Kf2 {Precision: White = 41%, Black = 41%.} 1-0

[Event "40th Eastman Open Ghent"]
[Site "Ghent"]
[Date "2017.07.18"]
[Round "7"]
[White "Michielsen, Joost"]
[Black "Cordts, Ingo"]
[Result "1/2-1/2"]
[WhiteElo "2409"]
[BlackElo "2259"]
[Annotator "ChessBase"]
[PlyCount "46"]
[EventDate "2017.??.??"]
[EventType "swiss"]
[EventCountry "BEL"]
[SourceTitle "playchess.com"]
[Source "ChessBase"]
[SourceQuality "1"]
[TimeControl "7200"]

1. e4 {[%emt 0:03:23]} e5 {[%emt 0:00:07]} 2. Nf3 {[%emt 0:00:05]} Nc6 {[%emt 0:00:01]} 3. Bb5 {[%emt 0:00:08]} a6 {[%emt 0:00:03]} 4. Ba4 {[%emt 0:00:05]} Nf6 {[%emt 0:00:08]} 5. O-O {[%emt 0:00:06]} Be7 {[%emt 0:01:30]} 6. Re1 {[%emt 0:00:24]} b5 {[%emt 0:00:19]} 7. Bb3 {[%emt 0:00:06]} d6 {[%emt 0:00:16]} 8. c3 {[%emt 0:00:25]} O-O {[%emt 0:00:33]} 9. h3 {[%emt 0:00:16]} Na5 {[%emt 0:00:29]} 10. Bc2 {[%emt 0:00:05]} c5 {[%emt 0:00:22]} 11. d4 {[%emt 0:00:04]} Nd7 {[%emt 0:00:35]} 12. Nbd2 {[%emt 0:01:26]} exd4 {[%emt 0:01:20]} 13. cxd4 {[%emt 0:00:08]} Nc6 {[%emt 0:00:27]} 14. d5 {[%emt 0:00:26]} Nce5 {[%emt 0:00:14]} 15. Nh2 {[%emt 0:00:56]} Ng6 {[%emt 0:06:12]} 16. Ndf1 {[%emt 0:01:21]} Bg5 {[%emt 0:07:05]} 17. Be3 {[%emt 0:07:43]} Nb6 {[%emt 0:05:05]} 18. b3 {[%emt 0:00:59]} f5 {[%emt 0:06:32]} 19. Bxg5 {[%emt 0:14:57]} Qxg5 {[%emt 0:00:03]} 20. Nf3 {[%emt 0:00:20]} Qf6 {[%emt 0:02:03]} 21. exf5 {[%emt 0:00:56]} Bxf5 {[%emt 0:01:04]} 22. Bxf5 {[%emt 0:01:34]} Qxf5 {[%emt 0:00:02]} 23. Ne3 {[%emt 0:08:03]} Qh5 1/2-1/2

[Event "40th Eastman Open Ghent"]
[Site "Ghent"]
[Date "2017.07.18"]
[Round "7"]
[White "Abolianin, Arthur"]
[Black "Faybish, Nimrod"]
[Result "1-0"]
[WhiteElo "2329"]
[BlackElo "2178"]
[Annotator "NA"]
[PlyCount "99"]
[EventDate "2017.??.??"]
[EventType "swiss"]
[EventCountry "BEL"]
[SourceTitle "playchess.com"]
[Source "ChessBase"]
[SourceQuality "1"]
[TimeControl "7200"]

1. g3 {[%emt 0:04:13]} e5 {[%emt 0:03:18]} 2. Bg2 {[%emt 0:00:02]} d5 {[%emt 0:01:11]} 3. Nf3 {[%emt 0:00:03]} Bd6 {[%emt 0:00:15]} 4. O-O {[%emt 0:00:44]} Nf6 {[%emt 0:00:56]} 5. d3 {[%emt 0:00:51]} O-O {[%emt 0:00:46]} 6. c4 {[%emt 0:02:05]} c6 {[%emt 0:00:38] A00: Irregular Openings} 7. Bg5 {[%emt 0:00:28]} (7. cxd5 cxd5 8. Bg5 Nbd7 9. Nc3 h6 10. Bd2 a6 11. Rc1 Re8 12. Nh4 d4 13. Ne4 Nxe4 14. Bxe4 {1-0 (44) Mamedov,R (2650)-Fressinet,L (2700) Huaian 2016}) 7... Be6 {[%emt 0:11:13]} 8. Qb3 $146 {[%emt 0:01:44]} ({Predecessor:} 8. Nc3 Nbd7 9. Nd2 h6 10. cxd5 cxd5 11. Bxf6 Nxf6 {0-1 (54) Pinales Roussel,G (1821)-Lugo Roldan,J (1762) Armenia 2013}) 8... Qb6 {[%emt 0:10:07]} 9. Bxf6 {[%emt 0:01:35]} Qxb3 {[%emt 0:01:04]} 10. axb3 {[%emt 0:00:02]} gxf6 {[%emt 0:00:09]} 11. Nc3 {[%emt 0:10:59]} d4 {[%emt 0:02:13]} 12. Ne4 {[%emt 0:00:03]} Be7 {[%emt 0:00:12]} 13. Ne1 {[%emt 0:00:04]} Nd7 {[%emt 0:12:53]} 14. Nc2 {[%emt 0:00:23]} Bg4 {[%emt 0:12:04]} 15. f3 {[%emt 0:02:11]} Be6 {[%emt 0:04:00]} 16. b4 {[%emt 0:00:37]} Rfc8 {[%emt 0:08:30]} 17. f4 {[%emt 0:02:12]} f5 {[%emt 0:08:55]} 18. Nd2 {[%emt 0:04:48]} f6 {[%emt 0:00:24]} 19. Bh3 {[%emt 0:01:44]} Rf8 {[%emt 0:03:39]} 20. Nf3 $16 {[%emt 0:00:12]} a6 {[%emt 0:05:21]} 21. Nh4 {[%emt 0:01:02]} Rae8 {[%emt 0:01:51]} 22. Bxf5 {[%emt 0:00:42]} Bd6 {[%emt 0:01:36]} 23. Bxe6+ {[%emt 0:00:36]} Rxe6 {[%emt 0:00:02]} 24. f5 {[%emt 0:00:28]} Re7 {[%emt 0:00:16]} 25. Nf3 {[%emt 0:00:03]} c5 {[%emt 0:02:41]} 26. bxc5 {[%emt 0:00:09]} Bxc5 {[%emt 0:02:10]} 27. b4 {[%emt 0:00:49]} e4 {[%emt 0:01:05]} 28. Nfxd4 {[%emt 0:00:50]} exd3 {[%emt 0:00:18]} 29. exd3 {[%emt 0:00:08]} Bxd4+ {[%emt 0:03:47]} 30. Nxd4 {[%emt 0:00:02]} Re3 {[%emt 0:00:24]} 31. Rf3 {[%emt 0:01:12]} Rfe8 {[%emt 0:02:18]} 32. Raf1 {[%emt 0:05:15]} Rxf3 {[%emt 0:01:25]} 33. Nxf3 {[%emt 0:14:24]} Re3 {[%emt 0:00:08]} 34. d4 {[%emt 0:00:15]} Rb3 {[%emt 0:00:02]} 35. Kf2 {[%emt 0:01:00]} Rxb4 {[%emt 0:00:19]} 36. c5 {[%emt 0:00:42]} Rb3 {[%emt 0:00:33]} 37. Rc1 {[%emt 0:00:44]} Kf7 {[%emt 0:00:50]} 38. d5 {[%emt 0:01:25]} Ke7 {[%emt 0:02:53]} 39. c6 {[%emt 0:00:22]} bxc6 {[%emt 0:00:16]} 40. dxc6 {[%emt 0:01:51]} Nb6 {[%emt 0:00:01]} 41. Re1+ {[%emt 0:01:38]} Kf7 {[%emt 0:00:15]} 42. Ra1 {[%emt 0:01:25]} Rc3 {[%emt 0:01:11]} 43. Nd4 {[%emt 0:00:11]} Rc4 {[%emt 0:00:52]} 44. Rxa6 {[%emt 0:00:09]} Nd5 {[%emt 0:00:32]} 45. Ra7+ {[%emt 0:00:31]} Kg8 {[%emt 0:00:28]} 46. Ne6 {[%emt 0:00:06]} h5 {[%emt 0:01:38]} 47. Rg7+ {[%emt 0:02:30]} Kh8 {[%emt 0:00:08]} 48. c7 {[%emt 0:01:36]} Rc3 {[%emt 0:00:02]} 49. Rd7 Nb6 50. Rd6 {[%emt 0:00:39]} 1-0

[Event "40th Eastman Open Ghent"]
[Site "Ghent"]
[Date "2017.07.18"]
[Round "7"]
[White "Lammens, Tim"]
[Black "Voogt, Bob"]
[Result "1-0"]
[WhiteElo "2304"]
[BlackElo "2150"]
[Annotator "ChessBase"]
[PlyCount "35"]
[EventDate "2017.??.??"]
[EventType "swiss"]
[EventCountry "BEL"]
[SourceTitle "playchess.com"]
[Source "ChessBase"]
[SourceQuality "1"]
[TimeControl "7200"]

1. Nf3 {[%emt 0:07:32]} f5 {[%emt 0:01:13]} 2. d3 {[%emt 0:00:23]} e6 {[%emt 0:01:51]} 3. e4 {[%emt 0:00:26]} fxe4 {[%emt 0:00:14]} 4. dxe4 {[%emt 0:00:05]} b6 {[%emt 0:01:15]} 5. Bd3 {[%emt 0:04:46]} Nc6 {[%emt 0:02:44]} 6. e5 {[%emt 0:05:40]} Qe7 {[%emt 0:10:12]} 7. Nc3 {[%emt 0:05:07]} Bb7 {[%emt 0:01:19]} 8. Qe2 {[%emt 0:06:22]} Nb4 {[%emt 0:07:29]} 9. Be4 {[%emt 0:02:46]} Nd5 {[%emt 0:04:25]} 10. Nxd5 {[%emt 0:03:01]} exd5 {[%emt 0:02:12]} 11. Bd3 {[%emt 0:00:23]} g6 {[%emt 0:01:16]} 12. Bg5 {[%emt 0:05:16]} Qf7 {[%emt 0:05:29]} 13. Nd4 {[%emt 0:02:39]} Be7 {[%emt 0:01:22]} 14. e6 {[%emt 0:04:23]} dxe6 {[%emt 0:00:12]} 15. Bb5+ {[%emt 0:01:14]} c6 {[%emt 0:04:44]} 16. Nxc6 {[%emt 0:01:20]} Kf8 {[%emt 0:01:50]} 17. Nxe7 {[%emt 0:05:01]} Nxe7 {[%emt 0:00:24]} 18. Qe5 {[%emt 0:00:16] Ke8} 1-0

[Event "40th Eastman Open Ghent"]
[Site "Ghent"]
[Date "2017.07.18"]
[Round "7"]
[White "De Jong, Tom"]
[Black "Hamblok, Roel"]
[Result "1-0"]
[WhiteElo "2258"]
[BlackElo "2305"]
[Annotator "NA"]
[PlyCount "69"]
[EventDate "2017.??.??"]
[EventType "swiss"]
[EventCountry "BEL"]
[SourceTitle "playchess.com"]
[Source "ChessBase"]
[SourceQuality "1"]
[TimeControl "7200"]

1. e4 {[%emt 0:01:36]} c5 {[%emt 0:00:06]} 2. c3 {[%emt 0:00:09]} d6 {[%emt 0:00:05]} 3. d4 {[%emt 0:00:12]} Nf6 {[%emt 0:00:06]} 4. Bd3 {[%emt 0:01:17]} g6 {[%emt 0:00:07]} 5. Ne2 {[%emt 0:04:20]} Bg7 {[%emt 0:01:15]} 6. O-O {[%emt 0:00:44]} O-O {[%emt 0:00:18]} 7. b4 {[%emt 0:09:52] B07: Pirc Defence: Miscellaneous Systems} (7. h3 $142 Nc6 8. Be3 cxd4 9. cxd4 Nb4 10. Nbc3 Nxd3 11. Qxd3 b6 12. d5 e5 13. dxe6 fxe6 14. Rfd1 Bb7 15. Qxd6 Qxd6 16. Rxd6 Nxe4 17. Rxe6 Nxc3 18. Nxc3 {½-½ (52) Nepomniachtchi,I (2632)-Smirin,I (2650) Netanya 2009}) 7... cxb4 {[%emt 0:13:27]} 8. cxb4 {[%emt 0:00:06]} Nc6 $146 {[%emt 0:00:19]} ({Predecessor:} 8... Bg4 9. f3 Bd7 10. Be3 Qb6 11. Qd2 Bb5 12. Bxb5 Qxb5 13. a4 Qd7 {1-0 (46) Montero,W (2093)-Jolodovsky,A (2080) Buenos Aires 2002}) 9. a3 {[%emt 0:02:19]} Qb6 {[%emt 0:02:24]} 10. Bb2 {[%emt 0:04:39]} Ng4 {[%emt 0:12:11]} (10... a6 $11) 11. h3 {[%emt 0:05:40]} Nh6 {[%emt 0:05:48]} 12. Nd2 {[%emt 0:07:46]} Nxd4 {[%emt 0:02:52]} 13. Bxd4 {[%emt 0:08:44]} Bxd4 {[%emt 0:01:56]} 14. Nc4 {[%emt 0:00:10]} Bxf2+ {[%emt 0:00:51]} 15. Rxf2 {[%emt 0:00:07]} Qd8 {[%emt 0:00:10]} 16. Qd2 {[%emt 0:01:50]} Kg7 {[%emt 0:00:09]} 17. Nf4 {[%emt 0:04:43]} f6 {[%emt 0:03:15]} 18. Ne3 {[%emt 0:03:11]} Nf7 {[%emt 0:01:36]} 19. Bc4 $18 {[%emt 0:11:21]} Ng5 {[%emt 0:09:26]} 20. Qd3 {[%emt 0:05:24]} a5 {[%emt 0:01:01]} 21. b5 {[%emt 0:04:19]} Bd7 {[%emt 0:01:58]} 22. h4 {[%emt 0:05:01]} Nf7 {[%emt 0:00:18]} 23. Ne6+ {[%emt 0:02:30]} Bxe6 {[%emt 0:00:07]} 24. Bxe6 {[%emt 0:00:03]} Ne5 {[%emt 0:00:38]} 25. Qd4 {[%emt 0:02:34]} Nd7 {[%emt 0:06:17]} 26. Bxd7 {[%emt 0:00:22]} Qxd7 {[%emt 0:00:02]} 27. Nd5 {[%emt 0:00:25]} Qg4 {[%emt 0:00:22]} 28. h5 Rae8 {[%emt 0:01:29]} 29. Nc7 {[%emt 0:11:03]} Rc8 {[%emt 0:00:45]} 30. b6 {[%emt 0:00:15]} Kh8 {[%emt 0:02:33]} 31. hxg6 {[%emt 0:00:20]} hxg6 {[%emt 0:00:06]} 32. Qd5 {[%emt 0:01:40]} Rb8 {[%emt 0:00:53]} 33. Rf3 {[%emt 0:00:44]} Rg8 {[%emt 0:01:17]} 34. Rh3+ {[%emt 0:01:54]} Kg7 {[%emt 0:00:07]} 35. Ne6+ {[%emt 0:00:17]} 1-0